| 000 | 00334nam a22001337a 4500 | ||
|---|---|---|---|
| 020 | _qHB. | ||
| 040 | _cFIZZA ISHAQ | ||
| 082 |
_a628.21 _bWEE |
||
| 100 |
_aPRESS,WEE. _990474 |
||
| 245 |
_aPREVENTION AND CONTROL OF SEWER SYSTEM OVER FLOWS / _cWEE PRESS. |
||
| 260 |
_aMC GRAW HILL ; _c2011. |
||
| 300 | _a412 P. ; | ||
| 942 |
_2ddc _cBK |
||
| 999 |
_c588679 _d588679 |
||